| 000 | 00532nam a22001937a 4500 | ||
|---|---|---|---|
| 003 | KOHA_MİRAKIL | ||
| 005 | 20251118085456.0 | ||
| 008 | 251118b tu ||||| |||| 00| 0 tur d | ||
| 020 | _a9786054603459 | ||
| 040 |
_aTR-AnABB _btur _cTR-AnABB |
||
| 041 | _atur | ||
| 082 |
_a813.42 _bDER 2013 |
||
| 100 | 1 | _aDer, Aslı, | |
| 245 | 1 | 0 |
_aDefne'yi beklerken / _cAslı Der |
| 260 |
_aİstanbul : _bGünışığı Kitaplığı, _c2013 |
||
| 300 |
_a143 sayfa ; _c17 cm |
||
| 650 | 0 | 4 | _aTürk edebiyatı, roman |
| 942 |
_2ddc _cBK |
||
| 999 |
_c9510 _d9510 |
||
| 900 | _bGizem YORULMAZ | ||